Statistics for economists / (Record no. 366534)
[ view plain ]
| 000 -LEADER | |
|---|---|
| fixed length control field | 01346nam a22001937a 4500 |
| 003 - CONTROL NUMBER IDENTIFIER | |
| control field | 0 |
| 005 - DATE AND TIME OF LATEST TRANSACTION | |
| control field | 20241014150210.0 |
| 008 - FIXED-LENGTH DATA ELEMENTS--GENERAL INFORMATION | |
| fixed length control field | 241014b xxu||||| |||| 00| 0 eng d |
| 020 ## - INTERNATIONAL STANDARD BOOK NUMBER | |
| International Standard Book Number | 9789811287923 |
| 050 ## - LIBRARY OF CONGRESS CALL NUMBER | |
| Classification number | HB 137 |
| Item number | .Y36 2024 |
| 100 ## - MAIN ENTRY--PERSONAL NAME | |
| Personal name | Yamane, Linus, |
| Relator term | author. |
| 245 ## - TITLE STATEMENT | |
| Title | Statistics for economists / |
| Statement of responsibility, etc | Linus Yamane. |
| 260 ## - PUBLICATION, DISTRIBUTION, ETC. (IMPRINT) | |
| Place of publication, distribution, etc | Singapore : |
| Name of publisher, distributor, etc | World Scientific Publishing Co. Pte. Ltd., |
| Date of publication, distribution, etc | 2024. |
| 300 ## - PHYSICAL DESCRIPTION | |
| Extent | xix, 352 p. : |
| Other physical details | col. ill. ; |
| Dimensions | 23 cm. |
| 504 ## - BIBLIOGRAPHY, ETC. NOTE | |
| Bibliography, etc | Includes index. |
| 520 ## - SUMMARY, ETC. | |
| Summary, etc | "This first course in statistics is designed for undergraduate students. There are dozens of statistics textbooks in the market. But most of these textbooks are either pitched at a level that is too high or too low for most undergraduate students. Many use calculus and are designed for graduate students in technical fields. Others provide black box formulas without any derivations. This textbook focuses on deriving everything from first principles without using calculus or linear algebra. It is important for students to understand why they are doing what they are doing. Otherwise students cannot distinguish meaningless results from significant results. This textbook gets to the major points quickly and is thus relative short and very accessible"--Provided by publisher. |
| 650 ## - SUBJECT ADDED ENTRY--TOPICAL TERM | |
| Topical term or geographic name as entry element | Economics |
| Form subdivision | Statistical methods. |
| 942 ## - ADDED ENTRY ELEMENTS (KOHA) | |
| Source of classification or shelving scheme | Library of Congress Classification |
| Koha item type | Books |
| Withdrawn status | Lost status | Source of classification or shelving scheme | Damaged status | Home library | Current library | Shelving location | Date acquired | Source of acquisition | Sub Shelving location | Total Checkouts | Full call number | Barcode | Date last seen | Price effective from | Koha item type |
|---|---|---|---|---|---|---|---|---|---|---|---|---|---|---|---|
| Library of Congress Classification | College Library | College Library | Reserve Section | 10/14/2024 | Library Fund | HB 137 .Y36 2024 | C23803 | 10/14/2024 | 10/14/2024 | Books |